Звенья. Т. 9 (Запись № 10102757)

Подробности
000 -МАРКЕР
контрольное поле 08879nam2a2200601 4500
001 - ИДЕНТИФИКАТОР ЗАПИСИ
контрольное поле RU\NLR\19V\933320
005 - ИДЕНТИФИКАТОР ВЕРСИИ
контрольное поле 20260407084136.0
021 ## - НОМЕР ГОСУДАРСТВЕННОЙ РЕГИСТРАЦИИ
Код страны Российская Федерация
Номер [51-18083]
035 ## - ДРУГИЕ СИСТЕМНЫЕ НОМЕРА
Идентификатор записи (NLR Aleph) 010162007
100 ## - ДАННЫЕ ОБЩЕЙ ОБРАБОТКИ
Данные общей обработки 20110518d1951 u y0rusy50 ca
101 0# - ЯЗЫК РЕСУРСА
Язык текста, звукозаписи и т.д. русский
-- французский
102 ## - СТРАНА ПУБЛИКАЦИИ ИЛИ ПРОИЗВОДСТВА
Страна публикации Российская Федерация
105 ## - ПОЛЕ КОДИРОВАННЫХ ДАННЫХ: ТЕКСТОВЫЕ МАТЕРИАЛЫ, МОНОГРАФИЧЕСКИЕ
Кодированные данные о монографическом текстовом документе ach z ||||1
135 ## - ПОЛЕ КОДИРОВАННЫХ ДАННЫХ: ЭЛЕКТРОННЫЕ РЕСУРСЫ
Кодированные данные для электронного ресурса crgn 008aaada
200 0# - ЗАГЛАВИЕ И СВЕДЕНИЯ ОБ ОТВЕТСТВЕННОСТИ
Основное заглавие Т. 9
Первые сведения об ответственности [Гос. лит. музей
Последующие сведения об ответственности редкол.: А. Н. Дубовиков
-- сост. В. Д. Бонч-Бруевич]
210 ## - ПУБЛИКАЦИЯ, РАСПРОСТРАНЕНИЕ И ДР.
Место издания, распространения и т.д. Москва
Имя издателя, распространителя и т. д. Государственное изд-во культурно-просветительной литературы
Дата издания, распространения и т.д. 1951
215 ## - ФИЗИЧЕСКАЯ ХАРАКТЕРИСТИКА
Специфическое обозначение материала и объем 647, [1] с., [1] л. ил.
Другие сведения о физической характеристике ил., портр., факс.
300 ## - ОБЩИЕ ПРИМЕЧАНИЯ
Текст примечания Часть текста на фр. яз.
320 ## - ПРИМЕЧАНИЯ О НАЛИЧИИ В ДОКУМЕНТЕ БИБЛИОГРАФИИ / УКАЗАТЕЛЯ
Текст примечания Библиогр. в подстроч. примеч.
320 ## - ПРИМЕЧАНИЯ О НАЛИЧИИ В ДОКУМЕНТЕ БИБЛИОГРАФИИ / УКАЗАТЕЛЯ
Текст примечания Алф. указ. лич. имен / сост. К. Сурикова: с. 603-647
325 ## - ПРИМЕЧАНИЕ О КОПИИ
Текст примечания Копия доступна в Электрон. б-ке РНБ http://vivaldi.nlr.ru/bx000030527/view
327 1# - ПРИМЕЧАНИЯ О СОДЕРЖАНИИ
Текст примечания Содерж.: авт.: Г. Р. Державин, К. Ф. Рылеев, А. С. Пушкин, П. А. Вяземский, Е. А. Боратынский, И. И. Козлов, А. И. Герцен, Г. И. Успенский, Ф. М. Достоевский, В. М. Гаршин
461 #0 - УРОВЕНЬ НАБОРА
Встроенное поле 001RU\NLR\19V\933272
-- 2001#$aЗвенья$eсборник материалов и документов по истории литературы, искусству и общественной мысли XIX века$fпод ред. Влад. Бонч-Бруевича [и др.]$vТ. 9
Системный номер (АБИС) связанной записи 10102753
Место публикации Москва
Дата публикации 1932
Первые сведения об ответственности под ред. Влад. Бонч-Бруевича [и др.]
Имя издателя, распространителя и т.д. Academia
Сведения, относящиеся к заглавию сборник материалов и документов по истории литературы, искусству и общественной мысли XIX века
Заглавие Звенья
Номер тома Т. 9
464 #0 - АНАЛИТИЧЕСКИЙ УРОВЕНЬ
Встроенное поле 2001#$aИстоки душевной трагедии В.М. Гаршина$fЛ.Ф. Филимонова
-- 700##$aФилимонова$bЛ.Ф.$gЛидия Федоровна
-- 702#1$3RU\NLR\AUTH\7716972$7ca$aГаршин$bВ. М.$f1855-1888$gВсеволод Михайлович$4570
Заглавие Истоки душевной трагедии В.М. Гаршина
Автор Филимонова, Лидия Федоровна
464 #0 - АНАЛИТИЧЕСКИЙ УРОВЕНЬ
Встроенное поле 2001#$aНеопубликованное письмо$fГ.И. Успенский
-- 700#1$3RU\NLR\AUTH\7729988$7ca$aУспенский$bГ. И.$cписатель$f1843-1902$gГлеб Иванович
Заглавие Неопубликованное письмо
Автор Успенский, Глеб Иванович (писатель ; 1843-1902)
464 #0 - АНАЛИТИЧЕСКИЙ УРОВЕНЬ
Встроенное поле 2001#$aДостоевский в споре за Куманинское наследство$fН. Ильин
-- 700#1$3RU\NLR\AUTH\7716146$7ca$aИльин$bН.Н.$cписатель$f1886-1944$gНиколай Николаевич
-- 702#1$3RU\NLR\AUTH\77838$7ca$aДостоевский$bФ. М.$f1821-1881$gФедор Михайлович$4570
Заглавие Достоевский в споре за Куманинское наследство
Автор Ильин, Николай Николаевич (писатель ; 1886-1944)
464 #0 - АНАЛИТИЧЕСКИЙ УРОВЕНЬ
Встроенное поле 2001#$aДело Чухломской дворянской опеки по рапорту Чухломского земского суда "о взятии в опеку имения г. Герцена вплодь до явки наследника"$fГ. Лебедев
-- 700#1$3RU\NLR\AUTH\7799693$7ca$aЛебедев$bГ. П.$cкраевед$gГеоргий Павлович
-- 702#1$3RU\NLR\AUTH\773922$7ca$aГерцен$bА. И.$f1812-1870$gАлександр Иванович$4570
-- 71102$3RU\NLR\AUTH\8810186839$aЧухломской земский суд
Заглавие Дело Чухломской дворянской опеки по рапорту Чухломского земского суда "о взятии в опеку имения г. Герцена вплодь до явки наследника"
Автор Лебедев, Георгий Павлович (краевед)
464 #0 - АНАЛИТИЧЕСКИЙ УРОВЕНЬ
Встроенное поле 2001#$aНеизвестная картина Г.Г. Чернецова$fГ. Серый
-- 700#1$3RU\NLR\AUTH\7799698$7ca$aСерый$bГ.$cискусствовед
-- 702#1$3RU\NLR\AUTH\7720926$7ca$aЧернецов$bГ. Г.$cхудожник$f1802-1865$gГригорий Григорьевич$4570
Заглавие Неизвестная картина Г.Г. Чернецова
Автор Серый, Г. (искусствовед)
464 #0 - АНАЛИТИЧЕСКИЙ УРОВЕНЬ
Встроенное поле 2001#$aПисьма$fЕ.А. Боратынский
-- 700#1$3RU\NLR\AUTH\776068$7ca$aБаратынский$bЕ. А.$f1800-1844$gЕвгений Абрамович
Заглавие Письма
Автор Баратынский, Евгений Абрамович (1800-1844)
464 #0 - АНАЛИТИЧЕСКИЙ УРОВЕНЬ
Встроенное поле 2001#$aПисьма$fИ.И. Козлов
-- 700#1$3RU\NLR\AUTH\7749612$7ca$aКозлов$bИ. И.$cпоэт$f1779-1840$gИван Иванович
Заглавие Письма
Автор Козлов, Иван Иванович (поэт ; 1779-1840)
464 #0 - АНАЛИТИЧЕСКИЙ УРОВЕНЬ
Встроенное поле 2001#$aПисьма к жене за 1831-1832 гг.$fП.А. Вяземский
-- 700#1$3RU\NLR\AUTH\7716420$7ca$aВяземский$bП. А.$f1792-1878$gПетр Андреевич
-- 702#1$3RU\NLR\AUTH\7771627$7ca$aВяземская$bВ. Ф.$f1790-1886$gВера Федоровна$4570
Заглавие Письма к жене за 1831-1832 гг.
Автор Вяземский, Петр Андреевич (1792-1878)
464 #0 - АНАЛИТИЧЕСКИЙ УРОВЕНЬ
Встроенное поле 2001#$aБатово, усадьба Рылеева$fВ. Нечаев
-- 700#1$3RU\NLR\AUTH\7799799$7ca$aНечаев$bВ.$cписатель
-- 702#1$3RU\NLR\AUTH\7725838$7ca$aРылеев$bК. Ф.$f1795-1826$gКондратий Федорович$4570
Заглавие Батово, усадьба Рылеева
Автор Нечаев, В. (писатель)
464 #0 - АНАЛИТИЧЕСКИЙ УРОВЕНЬ
Встроенное поле 2001#$aАристиппова баня$fГ.Р. Державин
-- 700#1$3RU\NLR\AUTH\773473$7ca$aДержавин$bГ. Р.$f1743-1816$gГаврила Романович
Заглавие Аристиппова баня
Автор Державин, Гаврила Романович (1743-1816)
464 #0 - АНАЛИТИЧЕСКИЙ УРОВЕНЬ
Встроенное поле 2001#$aНовые материалыдля биографии Пушкина$fМ.А. Цявловский
-- 700#1$3RU\NLR\AUTH\7799683$7ca$aЦявловский$bМ. А.$f1883-1947$gМстислав Александрович
-- 702#1$3RU\NLR\AUTH\77386$7ca$aПушкин$bА. С.$f1799-1837$gАлександр Сергеевич$4570
Заглавие Новые материалыдля биографии Пушкина
Автор Цявловский, Мстислав Александрович (1883-1947)
464 #0 - АНАЛИТИЧЕСКИЙ УРОВЕНЬ
Встроенное поле 2001#$aЗаметки о Пушкине$fМ.А. Цявловский
-- 700#1$3RU\NLR\AUTH\7799683$7ca$aЦявловский$bМ. А.$f1883-1947$gМстислав Александрович
-- 702#1$3RU\NLR\AUTH\77386$7ca$aПушкин$bА. С.$f1799-1837$gАлександр Сергеевич$4570
Заглавие Заметки о Пушкине
Автор Цявловский, Мстислав Александрович (1883-1947)
464 #0 - АНАЛИТИЧЕСКИЙ УРОВЕНЬ
Встроенное поле 2001#$a35-й год моей жизни, или Два дни ведра на 363 ненастья$e(дневник)$fП.И. Долгоруков$gвступ. ст. - Дневник Долгорукого М. и Т. Цявловских
-- 5170#$aДва дни ведра на 363 ненастья
-- 700#1$3RU\NLR\AUTH\7799681$7ca$aДолгоруков$bП. И.$f1787-1845$gПавел Иванович
-- 702#1$3RU\NLR\AUTH\7799683$7ca$aЦявловский$bМ. А.$f1883-1947$gМстислав Александрович$4080
-- 702#1$3RU\NLR\AUTH\7799482$7ca$aЦявловская$bТ. Г.$cлитературовед$f1897-1978$gТатьяна Григорьевна$4080
Заглавие 35-й год моей жизни, или Два дни ведра на 363 ненастья
Автор Долгоруков, Павел Иванович (1787-1845)
702 #1 - ИМЯ ЛИЦА - ВТОРИЧНАЯ ОТВЕТСТВЕННОСТЬ
Код отношения Редактор
Материалы, к которым относится поле rus
Графика поля Кириллица
Начальный элемент ввода Дубовиков
Часть имени, кроме начального элемента ввода А. Н.
Даты 1905-1984
Расширение инициалов личного имени Алексей Николаевич
Идентификатор авторитетной/нормативной записи RU\NLR\AUTH\7799687
Системный номер авторитетной/нормативной записи 82613
702 #1 - ИМЯ ЛИЦА - ВТОРИЧНАЯ ОТВЕТСТВЕННОСТЬ
Код отношения Составитель
Материалы, к которым относится поле rus
Графика поля Кириллица
Начальный элемент ввода Бонч-Бруевич
Часть имени, кроме начального элемента ввода В. Д.
Даты 1873-1955
Расширение инициалов личного имени Владимир Дмитриевич
Идентификатор авторитетной/нормативной записи RU\NLR\AUTH\7784347
Системный номер авторитетной/нормативной записи 67275
712 02 - НАИМЕНОВАНИЕ ОРГАНИЗАЦИИ - ВТОРИЧНАЯ ОТВЕТСТВЕННОСТЬ
Код отношения Прочие
Начальный элемент ввода Государственный литературный музей
Идентифицирующий признак Москва
Идентификатор авторитетной/нормативной записи RU\NLR\AUTH\8811849
Системный номер авторитетной/нормативной записи 296370
801 #0 - ИСТОЧНИК ЗАПИСИ
Страна Российская Федерация
Организация NLR
Дата составления 20110518
Правила каталогизации psbo
801 #1 - ИСТОЧНИК ЗАПИСИ
Страна Российская Федерация
Организация NLR
Дата составления 20110518
Источник данных rusmarc
801 #2 - ИСТОЧНИК ЗАПИСИ
Страна Российская Федерация
Организация NLR
Дата составления 20110518
Источник данных rusmarc
852 ## - МЕСТОНАХОЖДЕНИЕ И ШИФР ХРАНЕНИЯ
Идентификатор организации NLR
Шифр хранения (Call Number) Л20 Г-5/210(9)
852 ## - МЕСТОНАХОЖДЕНИЕ И ШИФР ХРАНЕНИЯ
Идентификатор организации NLR
Наименование фонда или коллекции (Sub-Location Identifier) Мф
Шифр хранения (Call Number) К1/13824(9)
856 #0 - МЕСТОНАХОЖДЕНИЕ ЭЛЕКТРОННЫХ РЕСУРОВ И ДОСТУП К НИМ
Универсальный идентификатор ресурса (Uniform Resource Identifier) http://vivaldi.nlr.ru/bx000030527/view
856 #1 - МЕСТОНАХОЖДЕНИЕ ЭЛЕКТРОННЫХ РЕСУРОВ И ДОСТУП К НИМ
Универсальный идентификатор ресурса (Uniform Resource Identifier) http://vivaldi.nlr.ru/bx000030527/cover
856 #2 - МЕСТОНАХОЖДЕНИЕ ЭЛЕКТРОННЫХ РЕСУРОВ И ДОСТУП К НИМ
Универсальный идентификатор ресурса (Uniform Resource Identifier) http://vivaldi.nlr.ru/bx000030527/text
942 ## - ДОПОЛНИТЕЛЬНЫЕ ЭЛЕМЕНТЫ ЗАПИСИ (АБИС)
Тип экземпляра АБИС Книга
980 ## - КОЛЛЕКЦИЯ
Название коллекции Национальная библиография
981 33 - КОЛЛЕКЦИЯ ЭЛЕКТРОННОЙ БИБЛИОТЕКИ
Название коллекции Художественная литература
Название подколлекции 1. Отечественная литература
Экземпляры
Тип экземпляра Дата поступления Библиотека постоянного хранения Библиотека текущего хранения Место хранения Шифр хранения Штрих-код Статус экземпляра
Микрофильм 30.11.2022 РНБ (Московский) РНБ (Московский) Фонд микроформ Мф К1/13824(9) 10162007-30  
Книга 30.11.2022 РНБ (Садовая) РНБ (Садовая) Русский книжный фонд -Главное здание, Ленинский читальный зал Л20 Г-5/210(9) 10162007-10  
Книга 30.11.2022 РНБ (Садовая) РНБ (Садовая) Русский книжный фонд -Главное здание, Ленинский читальный зал Л20 Г-5/210(9)а 10162007-20